Privatización, impunidad y otros males en la salud
Αποθηκεύτηκε σε:
| Μορφή: | Κείμενο |
|---|---|
| Θέματα: | |
| Ετικέτες: |
Προσθήκη ετικέτας
Δεν υπάρχουν, Καταχωρήστε ετικέτα πρώτοι!
|
MARC
| LEADER | 00000 a a2200000 04500 | ||
|---|---|---|---|
| 001 | 5877 | ||
| 003 | |||
| 040 | |||
| 245 | |a Privatización, impunidad y otros males en la salud | ||
| 650 | |a PRIVATIZACION | ||
| 650 | |a ORGANIZACIONES NO GUBERNAMENTALES | ||
| 650 | |a SALUD | ||
| 650 | |a ESTADO | ||
| 650 | |a DERECHOS HUMANOS | ||
| 773 | |g volumen 15, número 633; páginas 14-16 | ||
| 999 | |c 32378 |d 32378 | ||
